[Event "30. Augsburger Friedensfest-Open"]
[Site "Augsburg"]
[Date "2025.08.08"]
[Round "4.49"]
[White "Schaefer, Ann-Kathrin"]
[Black "Turba, Vincent"]
[Result "1-0"]
[WhiteElo "1791"]
[BlackElo "1668"]
[EventDate "2025.08.07"]
[Time "15:30:00"]
[WhiteNrv "1791"]
[BlackNrv "1668"]
[WhiteTwz "1791"]
[BlackTwz "1668"]
[WhiteFideId "24615412"]
[BlackFideId "34612998"]
[WhiteNatFedId "10186026"]
[BlackNatFedId "10740126"]
[WhiteAttr "W"]
[BlackAttr "M"]
[WhiteTeam "SC JAeKLECHEMIE Talente Franken e"]
[BlackTeam "SK 1926 Noerdlingen-Ries"]

1.d4 Nf6 2.Nf3 e6 3.e3 d5 4.Bd3 b6 5.Nbd2 Ba6 6.c4 Bd6 7.b3 O-O 8.Bb2 c5 
9.dxc5 Bxc5 10.O-O Nc6 11.Re1 d4 12.exd4 Nxd4 13.Ne5 Bb7 14.Ndf3 Nxf3+ 15.
Nxf3 Bb4 16.Re2 Bxf3 17.gxf3 Nh5 18.Re4 f5 19.Rd4 Qg5+ 20.Kh1 Bc5 21.Rd7 
Rfd8 22.f4 Qh4 23.Bxf5 exf5 24.Qd5+ Kh8 25.Rd1 Rxd7 26.Qxa8+ 1-0

[Event "30. Augsburger Friedensfest-Open"]
[Site "Augsburg"]
[Date "2025.08.09"]
[Round "5.1"]
[White "Arun Kataria"]
[Black "Boehme, Markus"]
[Result "1-0"]
[WhiteElo "2308"]
[BlackElo "2212"]
[EventDate "2025.08.07"]
[Time "09:30:00"]
[WhiteNrv "2308"]
[BlackNrv "2212"]
[WhiteTwz "2308"]
[BlackTwz "2212"]
[WhiteTitle "FM"]
[WhiteFideId "46630368"]
[BlackFideId "12946850"]
[BlackNatFedId "10259261"]
[WhiteAttr "M"]
[BlackAttr "M"]
[WhiteTeam "?"]
[BlackTeam "SC Uttenreuth e.V."]

1.e4 e5 2.Nf3 Nc6 3.Bc4 Nf6 4.d3 d5 5.exd5 Nxd5 6.O-O Nb6 7.Bb3 Bg4 8.h3 
Bh5 9.Re1 Qe7 10.c3 O-O-O 11.Qe2 f6 12.a4 a5 13.Nbd2 g5 14.d4 exd4 15.Qb5 
Qc5 16.Ne4 Qxb5 17.axb5 Bxf3 18.gxf3 Ne5 19.Kg2 Nd3 20.Rd1 Nc5 21.Nxc5 
Bxc5 22.Rxa5 dxc3 23.bxc3 Rxd1 24.Bxd1 Re8 25.Kf1 Kb8 26.Bb3 Rd8 27.Bc2 h6
28.Ra2 Nd5 29.Bd2 Nf4 30.Bf5 Re8 31.Bxf4 gxf4 32.c4 Re5 33.Be4 Rh5 34.Kg2 
Rg5+ 35.Kh2 Rg7 36.h4 Rg8 37.Bf5 Rg7 38.Bg4 Re7 39.Kg2 Rg7 40.Kf1 Re7 41.
Rd2 Bd6 42.Ra2 Bb4 43.Kg2 Bc5 44.Bf5 Rg7+ 45.Kh3 Rg1 46.Kh2 Rg7 47.Bg4 Re7
48.Kh3 Re1 49.Kg2 Re5 50.Bd7 Re7 51.Bf5 Rg7+ 52.Kf1 Re7 53.Be4 Re5 54.Kg2 
Re7 55.Rd2 Ka7 56.Rd8 f5 57.Bxf5 Re2 58.Kh3 Bxf2 59.Rh8 Re5 60.Bg6 Rc5 61.
Bf7 Rf5 62.Rh7 Rf6 63.h5 Kb6 64.Bg6 c6 65.Rxh6 cxb5 66.cxb5 Bd4 67.Rh7 
Kxb5 68.Rxb7+ Kc6 69.Be4+ Kd6 70.Kg4 Rf8 71.h6 Ke6 72.h7 Be5 73.Kg5 Bh8 
74.Bc2 Kd6 75.Bb3 Ke5 76.Bf7 Bf6+ 77.Kg6 Bh8 78.Re7+ Kd6 79.Re4 Bc3 80.
Rxf4 Be5 81.Re4 Bh8 82.f4 Kd7 83.f5 Kd6 84.f6 Kd7 85.Re7+ Kd8 86.Ra7 1-0

[Event "30. Augsburger Friedensfest-Open"]
[Site "Augsburg"]
[Date "2025.08.09"]
[Round "5.2"]
[White "Blodig, Vincent"]
[Black "Lupor, Andre"]
[Result "1-0"]
[WhiteElo "2054"]
[BlackElo "2276"]
[EventDate "2025.08.07"]
[Time "09:30:00"]
[WhiteNrv "2054"]
[BlackNrv "2276"]
[WhiteTwz "2054"]
[BlackTwz "2276"]
[BlackTitle "FM"]
[WhiteFideId "16297857"]
[BlackFideId "4680103"]
[WhiteNatFedId "10680650"]
[WhiteAttr "M"]
[BlackAttr "M"]
[WhiteTeam "SF Augsburg"]
[BlackTeam "?"]

1.e4 c5 2.Nf3 Nc6 3.d4 cxd4 4.Nxd4 Nf6 5.Nc3 e5 6.Ndb5 d6 7.Bg5 a6 8.Na3 
b5 9.Nd5 Be7 10.Bxf6 Bxf6 11.c3 Rb8 12.Nc2 Bg5 13.Be2 O-O 14.O-O Be6 15.
Ncb4 Qc8 16.Nxc6 Qxc6 17.a4 Bxd5 18.exd5 Qb6 19.Qd3 bxa4 20.Rfb1 a5 21.
Rxa4 f5 22.Qa6 Qxa6 23.Bxa6 Bd8 24.Rc4 Bb6 25.Kf1 Kf7 26.b4 Bc5 27.Ke2 e4 
28.f3 exf3+ 29.Kxf3 axb4 30.cxb4 Bb6 31.Rc6 Rfd8 32.Re1 Bd4 33.b5 g5 34.
Re6 Rd7 35.g4 fxg4+ 36.Kxg4 Kg7 37.Rcxd6 Rf7 38.b6 Rbf8 39.Re4 Bf2 40.Kxg5
Rf5+ 41.Kg4 h5+ 42.Kh3 Rf3+ 43.Kg2 Bc5 44.Re7+ Kh8 45.Rh6+ Kg8 46.Rg6+ Kh8
47.Re2 Rf1 48.Kh3 R1f3+ 49.Rg3 Bxb6 50.Re6 Rxg3+ 51.hxg3 Bc5 52.Rh6+ Kg7 
53.Rxh5 Rf2 54.Bc8 Rd2 55.Rg5+ Kf6 56.Rf5+ Kg6 57.Be6 Bd6 58.Rf3 Kg5 59.
Rc3 Be5 60.Rc8 Bd6 61.Rd8 Be5 62.Rg8+ Kf6 63.Kg4 Bd6 64.Kf3 Rd3+ 65.Kf2 
Rd2+ 66.Ke3 Rg2 67.g4 Rg1 68.Kf2 Bc5+ 69.Ke2 Ke5 70.Kd3 Be7 71.Rg7 Rg3+ 
72.Kc4 Kd6 73.Rg6 Rg1 74.Bf5+ Kc7 75.Rc6+ Kb7 76.Kd4 Rd1+ 77.Ke5 Bh4 78.
Rh6 Re1+ 79.Kd6 Be7+ 80.Kd7 Bc5 81.Be6 Rd1 82.Rh3 Rb1 83.Rg3 Rh1 84.Rb3+ 
Ka6 85.Rb2 Bb6 86.Bf5 Rh8 87.Kc6 1-0

[Event "30. Augsburger Friedensfest-Open"]
[Site "Augsburg"]
[Date "2025.08.09"]
[Round "5.3"]
[White "Duong, Quang Bach"]
[Black "Bilchinski, Anton"]
[Result "0-1"]
[WhiteElo "2234"]
[BlackElo "2162"]
[EventDate "2025.08.07"]
[Time "09:30:00"]
[WhiteNrv "2234"]
[BlackNrv "2162"]
[WhiteTwz "2234"]
[BlackTwz "2162"]
[BlackTitle "FM"]
[WhiteFideId "16287045"]
[BlackFideId "24615765"]
[WhiteNatFedId "10626174"]
[BlackNatFedId "10254221"]
[WhiteAttr "M"]
[BlackAttr "M"]
[WhiteTeam "SF Augsburg"]
[BlackTeam "SC Eppingen"]

1.e4 g6 2.d4 Bg7 3.Nc3 a6 4.f4 b5 5.Nf3 Bb7 6.Bd3 d6 7.a4 b4 8.Ne2 Nd7 9.
c3 bxc3 10.bxc3 Ngf6 11.e5 Nd5 12.Bd2 a5 13.h4 N5b6 14.Ng3 dxe5 15.fxe5 
Nxe5 16.Nxe5 Bxe5 17.Bb5+ c6 18.dxe5 cxb5 19.Qe2 Qd5 20.O-O Nxa4 21.Qf2 
Qc5 22.Be3 Qc4 23.Bd4 Bd5 24.Qe3 Qc6 25.Rf2 Rc8 26.Ne2 Nb2 27.Qh6 Nd3 28.
e6 Nxf2 29.Bxh8 Ng4 30.exf7+ Bxf7 31.Qf4 Qe6 32.Nd4 Qe3+ 33.Qxe3 Nxe3 34.
Nxb5 Rb8 35.Rxa5 Nc4 36.Nc7+ Kd7 37.Ra7 Rxh8 38.Nd5+ Kd6 39.Nxe7 Be6 40.
Kh2 Re8 41.Nxg6 hxg6 42.Rh7 Bg4 43.Kg3 Re4 44.Rf7 Ne5 45.Ra7 Bh5 46.Ra5 
Rg4+ 47.Kh3 Rc4 48.Kg3 Ke6 49.Ra3 Kf5 50.Rb3 Ke4 51.Rb4 Rxb4 52.cxb4 Kd4 
53.Kf4 Ng4 0-1

[Event "30. Augsburger Friedensfest-Open"]
[Site "Augsburg"]
[Date "2025.08.09"]
[Round "5.4"]
[White "Isbilir, Levin"]
[Black "Poetsch, Hagen"]
[Result "0-1"]
[WhiteElo "2073"]
[BlackElo "2479"]
[EventDate "2025.08.07"]
[Time "09:30:00"]
[WhiteNrv "2073"]
[BlackNrv "2479"]
[WhiteTwz "2073"]
[BlackTwz "2479"]
[BlackTitle "GM"]
[WhiteFideId "16267192"]
[BlackFideId "24615137"]
[WhiteNatFedId "10593582"]
[BlackNatFedId "10165992"]
[WhiteAttr "M"]
[BlackAttr "M"]
[WhiteTeam "SC Erlangen 48/88"]
[BlackTeam "SC Heusenstamm"]

1.e4 c5 2.Nf3 d6 3.Bb5+ Bd7 4.Bxd7+ Nxd7 5.c4 e5 6.Nc3 Ne7 7.d3 g6 8.O-O 
Bg7 9.Be3 h6 10.Nd2 O-O 11.Rb1 f5 12.exf5 gxf5 13.f4 Ng6 14.Qh5 exf4 15.
Bxf4 Nxf4 16.Rxf4 Qg5 17.Qxg5 hxg5 18.Rff1 Ne5 19.Nf3 Nxd3 20.Rfd1 Ne5 21.
Nxg5 Nxc4 22.Ne6 Bxc3 23.bxc3 Rf7 24.Rd3 Re7 25.Nf4 Rae8 26.Kf2 b6 27.h4 
Re3 28.Rxe3 Nxe3 29.Re1 Ng4+ 30.Kf1 Re4 31.Rxe4 fxe4 32.Ke2 Kf7 33.Nd5 Ke6
34.Nc7+ Ke5 35.Nb5 a6 36.Nc7 d5 37.a4 d4 38.cxd4+ cxd4 39.Nxa6 d3+ 40.Kd2 
Kd4 41.Nb4 e3+ 42.Ke1 Nf2 0-1

[Event "30. Augsburger Friedensfest-Open"]
[Site "Augsburg"]
[Date "2025.08.09"]
[Round "5.5"]
[White "Kamenskyi, Dmytro"]
[Black "Hoepfl, Thomas Dr."]
[Result "1/2-1/2"]
[WhiteElo "2049"]
[BlackElo "2194"]
[EventDate "2025.08.07"]
[Time "09:30:00"]
[WhiteNrv "2049"]
[BlackNrv "2194"]
[WhiteTwz "2049"]
[BlackTwz "2194"]
[BlackTitle "FM"]
[WhiteFideId "34123466"]
[BlackFideId "4615182"]
[WhiteNatFedId "10745791"]
[BlackNatFedId "10086024"]
[WhiteAttr "M"]
[BlackAttr "M"]
[WhiteTeam "SK Kriegshaber"]
[BlackTeam "SV Saalespringer Halle"]

1.e4 e5 2.Nf3 Nc6 3.Nc3 Nf6 4.Bb5 Bb4 5.O-O O-O 6.Bxc6 dxc6 7.d3 Qe7 8.Qe2
Nh5 9.Ng5 g6 10.Nf3 Re8 11.Be3 f6 12.a4 Be6 13.a5 a6 14.Nb1 Qf7 15.Nbd2 
Bf8 16.h3 c5 17.b3 g5 18.g4 Nf4 19.Bxf4 gxf4 20.Nh4 Bd6 21.Nf5 Kh8 22.f3 
Bf8 23.Kg2 Red8 24.Nc4 Qd7 25.Qf2 Qf7 1/2-1/2

[Event "30. Augsburger Friedensfest-Open"]
[Site "Augsburg"]
[Date "2025.08.09"]
[Round "5.6"]
[White "Lang, Thomas"]
[Black "Pogan, Nikolas"]
[Result "1-0"]
[WhiteElo "2003"]
[BlackElo "2190"]
[EventDate "2025.08.07"]
[Time "09:30:00"]
[WhiteNrv "2003"]
[BlackNrv "2190"]
[WhiteTwz "2003"]
[BlackTwz "2190"]
[BlackTitle "FM"]
[WhiteFideId "12982520"]
[BlackFideId "24673579"]
[WhiteNatFedId "10286870"]
[BlackNatFedId "10166052"]
[WhiteAttr "M"]
[BlackAttr "*"]
[WhiteTeam "SG Schwaebisch Gmuend 1872 e.V"]
[BlackTeam "Heilbronner SV"]

1.e4 d6 2.d4 Nf6 3.Nc3 e5 4.dxe5 dxe5 5.Qxd8+ Kxd8 6.Bg5 c6 7.Nf3 Nd7 8.
O-O-O Ke8 9.Bc4 Be7 10.Bb3 h6 11.Bh4 Nh5 12.Bxe7 Kxe7 13.Ne2 g6 14.Rhe1 a5
15.a3 Re8 16.h3 Kf8 17.g4 Ng7 18.Nd2 Nc5 19.Ba2 b5 20.f4 exf4 21.Nxf4 Be6 
22.Nxe6+ Ngxe6 23.Rf1 Ra7 24.Rf6 Kg7 25.Rdf1 Rd8 26.R6f3 Rad7 27.Nb3 Nb7 
28.Nd2 Ng5 29.R3f2 Nc5 30.h4 Nge6 31.b4 axb4 32.axb4 Ra8 33.Kb2 Na4+ 34.
Kc1 Nc3 35.Bxe6 fxe6 36.Kb2 Na4+ 37.Kb3 Nb6 38.c3 Rad8 39.Nf3 Nc4 40.Nd4 
Re8 41.Rf8 Ree7 42.Nxc6 Nd2+ 43.Kc2 Nxf1 44.Rxf1 Rf7 45.Rxf7+ Rxf7 46.Nd4 
e5 47.Nxb5 Rf4 48.Nc7 Kf7 49.b5 Rf2+ 50.Kb3 Ke7 51.c4 Kd6 52.Na6 Kd7 53.c5
Kc8 54.c6 Rf1 55.Kc4 Rc1+ 56.Kd5 Rb1 57.Kc5 Rc1+ 58.Kb6 Rb1 59.Nc7 1-0

[Event "30. Augsburger Friedensfest-Open"]
[Site "Augsburg"]
[Date "2025.08.09"]
[Round "5.7"]
[White "Rinderle, Matthias Dr."]
[Black "Garcia Ramos, Marcos"]
[Result "1-0"]
[WhiteElo "1968"]
[BlackElo "2180"]
[EventDate "2025.08.07"]
[Time "09:30:00"]
[WhiteNrv "1968"]
[BlackNrv "2180"]
[WhiteTwz "1968"]
[BlackTwz "2180"]
[WhiteFideId "533033340"]
[BlackFideId "2237601"]
[WhiteNatFedId "10177473"]
[BlackNatFedId "10282965"]
[WhiteAttr "M"]
[BlackAttr "M"]
[WhiteTeam "SK Rochade Augsburg"]
[BlackTeam "SC 1934 Gelnhausen"]

1.c4 e6 2.e4 d5 3.cxd5 exd5 4.exd5 Nf6 5.Bb5+ Nbd7 6.Nc3 Be7 7.d4 O-O 8.
Nf3 Nb6 9.h3 Nfxd5 10.O-O c6 11.Bd3 Re8 12.Ne4 Nf6 13.Ng3 Be6 14.Re1 Bb4 
15.Bd2 Bxd2 16.Qxd2 Qd6 17.a4 a5 18.Ng5 Bd7 19.N3e4 Nxe4 20.Bxe4 h6 21.Nf3
Be6 22.Bc2 Nd5 23.Qd3 g6 24.Qd2 Qf4 25.Qd1 Kg7 26.Re4 Qf6 27.Ra3 Nb4 28.
Bb1 Bd5 29.Rxe8 Rxe8 30.Ne5 Qf4 31.Rg3 Re6 32.Rg4 Qf6 33.Qd2 Qe7 34.f4 Rd6
35.f5 g5 36.h4 f6 37.hxg5 hxg5 38.Ng6 Qd8 39.Nf4 Bf7 40.Nh3 Bh5 41.Re4 c5 
42.Qe1 Rxd4 43.Nf2 Bf7 44.Re7 Rd7 45.Re6 Nc6 46.Qe4 Rd4 47.Qf3 Ne5 48.Rxe5
fxe5 49.Be4 b6 50.Qg3 Qf6 51.Ng4 Qd6 52.f6+ Kf8 53.Qh3 Rxe4 54.Qh8+ Bg8 
55.Qg7+ Ke8 56.Qxg8+ Kd7 57.Qh7+ Ke6 58.Qxe4 Qd4+ 59.Qxd4 exd4 60.b3 b5 
61.axb5 c4 62.bxc4 a4 63.b6 a3 64.b7 a2 65.b8=Q a1=Q+ 66.Kh2 Qd1 67.Qe5+ 
Kf7 68.Qf5 1-0

[Event "30. Augsburger Friedensfest-Open"]
[Site "Augsburg"]
[Date "2025.08.09"]
[Round "5.8"]
[White "Romfeld, Michael"]
[Black "Dauer, Maximilian"]
[Result "1/2-1/2"]
[WhiteElo "2162"]
[BlackElo "2035"]
[EventDate "2025.08.07"]
[Time "09:30:00"]
[WhiteNrv "2162"]
[BlackNrv "2035"]
[WhiteTwz "2162"]
[BlackTwz "2035"]
[WhiteFideId "16211537"]
[BlackFideId "1270802"]
[WhiteNatFedId "10180068"]
[BlackNatFedId "10033526"]
[WhiteAttr "M"]
[BlackAttr "M"]
[WhiteTeam "SAbt TSV Haunstetten"]
[BlackTeam "Spgem Koetz/Ichenhausen"]

1.e4 c6 2.d4 d5 3.exd5 cxd5 4.Bd3 Nc6 5.c3 Qc7 6.h3 Nf6 7.Ne2 Bd7 8.Bf4 e5
9.dxe5 Nxe5 10.Bxe5 Qxe5 11.Nd2 Bd6 12.Nf3 Qh5 13.Qc2 O-O 14.O-O-O Ne4 15.
Ned4 Rfe8 16.Kb1 Rac8 17.Rde1 Qg6 18.g4 Bc5 19.Re2 Re7 20.Rhe1 Rce8 21.a3 
Qb6 22.Ka2 Bc6 23.Nh4 Nf6 24.Rxe7 Rxe7 25.Rxe7 Bxe7 26.Nhf5 Bf8 27.Qe2 Qc7
28.Qe3 Ne4 29.f3 Nd6 30.Qg5 Nxf5 31.Nxf5 g6 32.h4 Bd7 33.Ne7+ Bxe7 34.Qxe7
Qc8 35.Qf6 Be6 36.Qd4 b6 37.h5 Qc5 38.hxg6 hxg6 39.Qxc5 bxc5 40.b4 cxb4 
41.cxb4 Kg7 42.g5 Kf8 43.Kb2 d4 44.Kc2 Ke7 45.a4 Kd6 46.Be4 1/2-1/2

[Event "30. Augsburger Friedensfest-Open"]
[Site "Augsburg"]
[Date "2025.08.09"]
[Round "5.9"]
[White "Yaroshenko, Yaroslav"]
[Black "Bossinger, Patrick"]
[Result "1/2-1/2"]
[WhiteElo "1918"]
[BlackElo "2085"]
[EventDate "2025.08.07"]
[Time "09:30:00"]
[WhiteNrv "1918"]
[BlackNrv "2085"]
[WhiteTwz "1918"]
[BlackTwz "2085"]
[WhiteFideId "16204905"]
[BlackFideId "16219759"]
[WhiteNatFedId "10277356"]
[BlackNatFedId "10266033"]
[WhiteAttr "M"]
[BlackAttr "M"]
[WhiteTeam "SK Graefelfing"]
[BlackTeam "SV Jedesheim 1921"]

1.d4 Nf6 2.Nf3 g6 3.c4 c5 4.d5 b5 5.cxb5 a6 6.bxa6 Bg7 7.g3 O-O 8.Bg2 Rxa6
9.O-O Bb7 10.Nc3 e6 11.e4 exd5 12.e5 Ng4 13.Nxd5 Nc6 14.Bf4 Ngxe5 15.Nxe5 
Nxe5 16.Ne7+ Qxe7 17.Bxb7 Rb6 18.Bd5 g5 19.Bxe5 Qxe5 20.Re1 Qxb2 21.Rb1 
Qf6 22.Rxb6 Qxb6 23.Qh5 Qf6 24.Re3 h6 25.Rf3 Qe7 26.Kg2 Kh8 27.Qg4 d6 28.
a4 Qe5 29.Rf5 Qd4 30.Qh5 Qxa4 31.Rxg5 Qd4 32.Rf5 c4 33.Qf3 c3 34.Rxf7 Re8 
35.Rc7 Rf8 36.Rf7 Re8 37.Rc7 Rf8 38.Rf7 1/2-1/2

[Event "30. Augsburger Friedensfest-Open"]
[Site "Augsburg"]
[Date "2025.08.09"]
[Round "5.10"]
[White "Eichschmied, Patrick"]
[Black "Schork, Stefan"]
[Result "1-0"]
[WhiteElo "1951"]
[BlackElo "2124"]
[EventDate "2025.08.07"]
[Time "09:30:00"]
[WhiteNrv "1951"]
[BlackNrv "2124"]
[WhiteTwz "1951"]
[BlackTwz "2124"]
[WhiteFideId "24683663"]
[BlackFideId "4667590"]
[WhiteNatFedId "10043123"]
[BlackNatFedId "10198152"]
[WhiteAttr "M"]
[BlackAttr "M"]
[WhiteTeam "MTV Ingolstadt"]
[BlackTeam "SC Pforzheim 1906"]

1.e4 c6 2.d4 d5 3.e5 Bf5 4.Nf3 e6 5.Be2 c5 6.c3 Nc6 7.O-O Bg6 8.Be3 cxd4 
9.cxd4 Nge7 10.Nc3 Nf5 11.Rc1 Be7 12.a3 O-O 13.Na4 Rc8 14.b4 Bh5 15.Nc5 b6
16.Nb3 f6 17.b5 Nxe3 18.fxe3 Nb8 19.exf6 Rxf6 20.a4 Nd7 21.Rxc8 Qxc8 22.
Qc1 Qd8 23.Qc3 Bd6 24.Rc1 Nf8 25.Nbd2 Rh6 26.Bd3 Bg6 27.Bxg6 hxg6 28.Qc8 
Qe7 29.Qa8 g5 30.h3 Kh7 31.Rc8 Ng6 32.Re8 Qf6 33.Rxe6 Qf8 34.Nxg5+ Kg8 35.
Re8 1-0

[Event "30. Augsburger Friedensfest-Open"]
[Site "Augsburg"]
[Date "2025.08.09"]
[Round "5.11"]
[White "Foerch, Benedikt"]
[Black "Boehm, Korbinian"]
[Result "1-0"]
[WhiteElo "2114"]
[BlackElo "1928"]
[EventDate "2025.08.07"]
[Time "09:30:00"]
[WhiteNrv "2114"]
[BlackNrv "1928"]
[WhiteTwz "2114"]
[BlackTwz "1928"]
[WhiteFideId "16228758"]
[BlackFideId "16211561"]
[WhiteNatFedId "10052041"]
[BlackNatFedId "10019245"]
[WhiteAttr "M"]
[BlackAttr "M"]
[WhiteTeam "SK Neuburg"]
[BlackTeam "Sportfr.Windach e.V.1923"]

1.Nf3 Nf6 2.g3 g6 3.Bg2 Bg7 4.c4 d6 5.O-O O-O 6.Nc3 e5 7.b4 a5 8.b5 h6 9.
Ba3 Re8 10.e4 Be6 11.Qe2 Nbd7 12.Rad1 Nb6 13.d3 Qd7 14.Ne1 Rad8 15.Rb1 Nc8
16.Nc2 Bh3 17.Ne3 h5 18.Bxh3 Qxh3 19.f3 Ne7 20.Ncd5 Qc8 21.Qd2 b6 22.Nxf6+
Bxf6 23.Nd5 Bg7 24.Qg5 Qd7 25.g4 Nxd5 26.cxd5 Qe7 27.Bc1 Qxg5 28.Bxg5 f6 
29.Be3 Kh7 30.Rbc1 Rd7 31.h4 Bh6 32.g5 fxg5 33.hxg5 Bg7 34.Rc2 Ree7 35.
Rfc1 Bf8 36.Kf2 Kg7 37.Rc6 Rf7 38.Ke2 Kh7 39.R1c4 Kg7 40.Ra4 Be7 41.d4 
exd4 42.Rxd4 Kf8 43.Rdc4 Bd8 44.f4 Ke8 45.Rc1 Rf8 46.Rf1 Rdf7 47.Rf2 Kd7 
48.Rc1 Rg8 49.Rcf1 Re8 50.Kd3 Rfe7 51.e5 dxe5 52.f5 gxf5 53.Rxf5 Rh7 54.
Rf7+ Re7 55.g6 Rexf7 56.gxf7 Be7 57.f8=Q Bxf8 58.Rxf8 h4 59.Bg1 h3 60.Bh2 
Rh4 61.Rf5 Rd4+ 62.Kc3 Rxd5 63.Rxe5 Rd1 64.Rh5 Rb1 65.a4 Rb4 66.Rxh3 c5 
67.Rh6 Rxa4 68.Rxb6 Rb4 69.Bd6 a4 70.Bxc5 Rb1 71.Kc4 1-0

[Event "30. Augsburger Friedensfest-Open"]
[Site "Augsburg"]
[Date "2025.08.09"]
[Round "5.12"]
[White "Stork, Simon"]
[Black "Iberl, Michael"]
[Result "1/2-1/2"]
[WhiteElo "2063"]
[BlackElo "1922"]
[EventDate "2025.08.07"]
[Time "09:30:00"]
[WhiteNrv "2063"]
[BlackNrv "1922"]
[WhiteTwz "2063"]
[BlackTwz "1922"]
[WhiteFideId "16217012"]
[BlackFideId "4644085"]
[WhiteNatFedId "10217074"]
[BlackNatFedId "10091886"]
[WhiteAttr "M"]
[BlackAttr "M"]
[WhiteTeam "SK Rochade Augsburg"]
[BlackTeam "SF Dachau 1932 e.V."]

1.d4 d5 2.c4 c6 3.Nf3 Nf6 4.Nc3 a6 5.c5 g6 6.Ne5 Bg7 7.e3 O-O 8.Be2 Nfd7 
9.Nxd7 Nxd7 10.f4 b6 11.cxb6 Qxb6 12.Qc2 a5 13.Bd2 Ba6 14.Bg4 e6 15.Na4 
Qc7 16.Rc1 Rfc8 17.a3 Bb5 18.Nc3 Qb7 1/2-1/2

[Event "30. Augsburger Friedensfest-Open"]
[Site "Augsburg"]
[Date "2025.08.09"]
[Round "5.13"]
[White "Waibel, Manuel"]
[Black "Baeuml, Ulrich"]
[Result "0-1"]
[WhiteElo "1891"]
[BlackElo "2055"]
[EventDate "2025.08.07"]
[Time "09:30:00"]
[WhiteNrv "1891"]
[BlackNrv "2055"]
[WhiteTwz "1891"]
[BlackTwz "2055"]
[WhiteFideId "34608060"]
[BlackFideId "4635051"]
[WhiteNatFedId "10768978"]
[BlackNatFedId "10006494"]
[WhiteAttr "M"]
[BlackAttr "M"]
[WhiteTeam "Schachges. Augsburg 1873"]
[BlackTeam "SC Dillingen"]

1.e4 c5 2.Nf3 e6 3.d4 cxd4 4.Nxd4 a6 5.c4 Qc7 6.a3 Nf6 7.Nc3 Be7 8.Be2 d6 
9.O-O b6 10.Be3 Bb7 11.f3 Nbd7 12.Rc1 Rc8 13.Qe1 O-O 14.Qg3 Rfe8 15.Rfd1 
Bf8 16.Qf2 Qb8 17.Bf1 Qa8 18.Nc2 d5 19.cxd5 exd5 20.exd5 Bxd5 21.Nxd5 Nxd5
22.Bd4 Nc5 23.Kh1 Nb3 24.Rb1 Nxd4 25.Nxd4 Ne3 26.Re1 Nxf1 27.Qxf1 Qd5 28.
Rxe8 Rxe8 29.Ne2 Qd3 30.Nc3 Qxf1+ 31.Rxf1 Re3 32.Rc1 b5 33.Kg1 f5 34.Kf1 
Bd6 35.h3 Be5 36.Re1 Rxe1+ 37.Kxe1 Bxc3+ 38.bxc3 Kf7 39.g3 Ke6 40.Ke2 Kd5 
41.Kd3 g5 42.g4 f4 43.c4+ bxc4+ 44.Kc3 Kc5 0-1

[Event "30. Augsburger Friedensfest-Open"]
[Site "Augsburg"]
[Date "2025.08.09"]
[Round "5.14"]
[White "Kelembet, Maksym"]
[Black "Brand, Leonhard"]
[Result "1/2-1/2"]
[WhiteElo "1952"]
[BlackElo "2052"]
[EventDate "2025.08.07"]
[Time "09:30:00"]
[WhiteNrv "1952"]
[BlackNrv "2052"]
[WhiteTwz "1952"]
[BlackTwz "2052"]
[WhiteFideId "34684735"]
[BlackFideId "34649646"]
[WhiteNatFedId "10828571"]
[BlackNatFedId "10655780"]
[WhiteAttr "M"]
[BlackAttr "M"]
[WhiteTeam "SV Jedesheim 1921"]
[BlackTeam "SK Freising"]

1.d4 d5 2.Nf3 Nf6 3.c4 c6 4.e3 Bf5 5.Bd3 Bg6 6.O-O e6 7.Qc2 Nbd7 8.Nbd2 
Be7 9.Re1 O-O 10.Bxg6 hxg6 11.e4 dxe4 12.Nxe4 Nxe4 13.Qxe4 Nf6 14.Qe2 Qc7 
15.Bg5 Rad8 16.Rad1 Rfe8 17.g3 a5 18.Bf4 Bd6 19.Bxd6 Rxd6 20.Rd3 Red8 21.
Red1 Nd7 22.Kg2 b6 23.Ne5 Nxe5 24.Qxe5 Qb7 25.Qe4 Qa6 26.b3 R8d7 27.Qf3 b5
28.cxb5 cxb5 29.d5 exd5 30.Rxd5 Rxd5 31.Rxd5 Rxd5 32.Qxd5 b4 33.Qd8+ Kh7 
34.Qh4+ 1/2-1/2

[Event "30. Augsburger Friedensfest-Open"]
[Site "Augsburg"]
[Date "2025.08.09"]
[Round "5.15"]
[White "Schubert, Martin"]
[Black "Kaufmann, Kurt"]
[Result "1/2-1/2"]
[WhiteElo "1899"]
[BlackElo "1998"]
[EventDate "2025.08.07"]
[Time "09:30:00"]
[WhiteNrv "1899"]
[BlackNrv "1998"]
[WhiteTwz "1899"]
[BlackTwz "1998"]
[WhiteFideId "12951480"]
[BlackFideId "4621301"]
[WhiteNatFedId "10199914"]
[BlackNatFedId "10101093"]
[WhiteAttr "M"]
[BlackAttr "M"]
[WhiteTeam "SF Pfullingen"]
[BlackTeam "SK 1926 Noerdlingen-Ries"]

1.c4 e5 2.Nc3 Nf6 3.Nf3 Nc6 4.e4 Bc5 5.Nxe5 Nxe5 6.d4 Bb4 7.dxe5 Nxe4 8.
Qf3 Nxc3 9.bxc3 Ba5 10.Qg3 d6 11.Be2 Qe7 12.exd6 cxd6 13.Qxg7 Qe5 14.Qxe5+
1/2-1/2

[Event "30. Augsburger Friedensfest-Open"]
[Site "Augsburg"]
[Date "2025.08.09"]
[Round "5.16"]
[White "Reschka, Hans"]
[Black "Kraemer, Max"]
[Result "1/2-1/2"]
[WhiteElo "1886"]
[BlackElo "1997"]
[EventDate "2025.08.07"]
[Time "09:30:00"]
[WhiteNrv "1886"]
[BlackNrv "1997"]
[WhiteTwz "1886"]
[BlackTwz "1997"]
[WhiteFideId "34638148"]
[BlackFideId "16211545"]
[WhiteNatFedId "10828393"]
[BlackNatFedId "10114551"]
[WhiteAttr "M"]
[BlackAttr "*"]
[WhiteTeam "SK Kriegshaber"]
[BlackTeam "SK Caissa Augsburg"]

1.e4 e5 2.Nf3 Nc6 3.Bc4 Nf6 4.d3 Bc5 5.O-O d6 6.a4 Bg4 7.Be3 Bxe3 8.fxe3 
O-O 9.Nc3 Nb4 10.Qd2 Qe7 11.h3 Be6 12.Bxe6 fxe6 13.d4 exd4 14.exd4 Nh5 15.
Ne2 c5 16.c3 Nc6 17.Rf2 e5 18.dxc5 dxc5 19.Rff1 Rad8 20.Qe3 Nf4 21.Rad1 c4
22.Rxd8 Qxd8 23.Nxf4 Rxf4 24.Nd2 Rxf1+ 25.Kxf1 Qa5 26.Nxc4 Qxa4 27.Qd3 
Qa1+ 28.Kf2 Qc1 29.Qd5+ Kh8 30.Nxe5 Qxb2+ 31.Kf1 Qc1+ 32.Ke2 Qc2+ 33.Kf1 
Qc1+ 34.Ke2 1/2-1/2

[Event "30. Augsburger Friedensfest-Open"]
[Site "Augsburg"]
[Date "2025.08.09"]
[Round "5.17"]
[White "Westerhof, Fleur"]
[Black "Wietschorke, Jens"]
[Result "1/2-1/2"]
[WhiteElo "1987"]
[BlackElo "1841"]
[EventDate "2025.08.07"]
[Time "09:30:00"]
[WhiteNrv "1987"]
[BlackNrv "1841"]
[WhiteTwz "1987"]
[BlackTwz "1841"]
[WhiteFideId "1080369"]
[BlackFideId "16296176"]
[WhiteNatFedId "10890447"]
[BlackNatFedId "10242290"]
[WhiteAttr "W"]
[BlackAttr "M"]
[WhiteTeam "SK Turm Kleve 1974 e. V."]
[BlackTeam "SK Caissa Augsburg"]

1.e4 d5 2.exd5 Nf6 3.d4 Bg4 4.Be2 Bxe2 5.Nxe2 Qxd5 6.O-O Nc6 7.Nbc3 Qh5 8.
Nf4 Qf5 9.Nce2 O-O-O 10.Be3 Qa5 11.Qe1 Qa6 12.Nd3 e6 13.a4 Nd5 14.Bd2 Ndb4
15.Nxb4 Nxb4 16.Bxb4 Bxb4 17.Qxb4 Qxe2 18.Qc5 Kb8 19.a5 Rd5 20.Qc3 Rhd8 
21.a6 bxa6 22.Rfe1 Qb5 23.Ra3 Kc8 24.Qf3 Qxb2 25.Rxa6 Qxd4 26.Qxf7 Re5 27.
Rf1 Qc4 28.Raa1 Qd4 29.c3 Qd7 30.Qxd7+ Rxd7 31.Rxa7 Rc5 32.Ra3 Rd3 1/2-1/2

[Event "30. Augsburger Friedensfest-Open"]
[Site "Augsburg"]
[Date "2025.08.09"]
[Round "5.18"]
[White "Jekel, Wolfgang"]
[Black "Filin, Denys"]
[Result "0-1"]
[WhiteElo "1853"]
[BlackElo "1960"]
[EventDate "2025.08.07"]
[Time "09:30:00"]
[WhiteNrv "1853"]
[BlackNrv "1960"]
[WhiteTwz "1853"]
[BlackTwz "1960"]
[WhiteFideId "4690370"]
[BlackFideId "14173476"]
[WhiteNatFedId "10095176"]
[BlackNatFedId "10658679"]
[WhiteAttr "M"]
[BlackAttr "M"]
[WhiteTeam "SF Voehringen"]
[BlackTeam "SK Kriegshaber"]

1.d4 Nf6 2.Nf3 c5 3.e3 e6 4.Bd3 d5 5.c3 Nbd7 6.Nbd2 b6 7.Ne5 Bb7 8.O-O Bd6
9.f4 Ne4 10.Qf3 Nxd2 11.Bxd2 Qe7 12.Rae1 O-O 13.Nxd7 Qxd7 14.e4 dxe4 15.
Bxe4 Bxe4 16.Qxe4 cxd4 17.cxd4 Rfe8 18.Bc3 Rad8 19.Kh1 Bf8 20.Rf3 Qd5 21.
Qb1 g6 22.a3 Bg7 23.Rd1 Rd7 24.Qd3 Red8 25.Qe2 Qf5 26.Qf2 Bxd4 27.Bxd4 
Rxd4 28.Re1 Rd2 29.Re2 Rd1+ 30.Re1 Qb1 31.Re3 Rxe1+ 32.Rxe1 Rd1 0-1